| 000 | 01047nam a2200277Ia 4500 | ||
|---|---|---|---|
| 001 | ebr10344581 | ||
| 003 | CaPaEBR | ||
| 006 | m u | ||
| 007 | cr cn||||||||| | ||
| 008 | 931020s2009 cm s 000 1 eng d | ||
| 020 | _z9789956558834 | ||
| 020 | _z9789956615421 | ||
| 040 |
_aCaPaEBR _cCaPaEBR |
||
| 035 | _a(OCoLC)646849395 | ||
| 050 | 1 | 4 |
_aPR9372.9.N36 _bF66 2009eb |
| 100 | 1 | _aNchami, Azanwi. | |
| 245 | 1 | 0 |
_aFootprints of destiny _h[electronic resource] / _cAzanwi Nchami. |
| 260 |
_aMankon, Bamenda, Cameroon : _bLangaa RPCIG, _c2009. |
||
| 300 | _av, 152 p. | ||
| 533 |
_aElectronic reproduction. _bPalo Alto, Calif. : _cebrary, _d2013. _nAvailable via World Wide Web. _nAccess may be limited to ebrary affiliated libraries. |
||
| 650 | 0 | _aCameroonian fiction (English) | |
| 650 | 0 | _aCameroonian literature (English) | |
| 655 | 7 |
_aElectronic books. _2local |
|
| 710 | 2 | _aebrary, Inc. | |
| 856 | 4 | 0 |
_uhttp://site.ebrary.com/lib/rucke/Doc?id=10344581 _zAn electronic book accessible through the World Wide Web; click to view |
| 999 |
_c48720 _d48720 |
||